00322nam a2200109Ia 450000500170000000800410001710000180005824500800007626000280015630000110018465000170019520260328101443.0260328s9999||||xx |||||||||||||| ||und|| aKostof, Spiro 4aThe Architect :b Chapters in the History of the profession /cSpiro Kostof bOxford University Press a371 p. aARQUITECTURA